000
00307 a2200109 4500
001
ART_48740
005
20260410161809.0
008
260409a
245
1
0
_a
El interés concursal
100
1
_a
Vaiser, Lidia
773
0
_t
Doctrina Societaria y Concursal
_g
- N° 377 (abr. 2019)
_w
REV4298
999
_c
21291
_d
21291